Companies act With Sebi Guidelines 2003 (Record no. 1515)

000 -LEADER
fixed length control field 00355nam a2200133Ia 4500
008 - FIXED-LENGTH DATA ELEMENTS--GENERAL INFORMATION
fixed length control field 180730s9999||||xx |||||||||||||| ||und||
020 ## - INTERNATIONAL STANDARD BOOK NUMBER
International Standard Book Number 8174964185
082 ## - DEWEY DECIMAL CLASSIFICATION NUMBER
Classification number 340
Item number BHA/C
100 ## - MAIN ENTRY--PERSONAL NAME
Personal name Bhargava, amit
245 #0 - TITLE STATEMENT
Title Companies act With Sebi Guidelines 2003
260 ## - PUBLICATION, DISTRIBUTION, ETC.
Place of publication, distribution, etc. New Delhi
Name of publisher, distributor, etc. Taxmann Allied Services Pvt. Ltd.
Date of publication, distribution, etc. 2003
300 ## - PHYSICAL DESCRIPTION
Extent 3.148
942 ## - ADDED ENTRY ELEMENTS (KOHA)
Koha item type Book
Holdings
Withdrawn status Lost status Damaged status Not for loan Collection code Permanent Location Current Location Date acquired Source of acquisition Cost, normal purchase price Barcode Date last seen Price effective from Koha item type
        School of Law (Noida) MUIT-NOIDA MUIT-NOIDA 2018-07-30 Ved Bhawan 275.00 MLS01400 2018-07-30 2018-07-30 Donated Books

All Rights Reserved@MUIT

Powered by Koha